000 00348 a2200133 4500
082 _a070.19
090 _c3045
_d3045
100 _aMughees uddin shikh
245 _aABC of Radio Journalism
_cMughees uddin shikh
260 _aLahore:
_bIlmi Kitab Khana,
_c2008.
300 _a80 p. ;
_c24 cm.
650 _a Radio Journalism.
942 _cBK
_k070.19 MUG
999 _c6962
_d6962